Mathematical systems theory I : modelling, state space analysis, stability and robustness
Saved in:
| Main Author: | |
|---|---|
| Other Authors: | |
| Format: | Book |
| Language: | English |
| Published: |
Berlin ; New York :
Springer,
c2005
|
| Series: | Texts in applied mathematics ;
; 48 |
| Subjects: | |
| Tags: |
Add Tag
No Tags, Be the first to tag this record!
|
MARC
| LEADER | 00000nam a2200000 i 4500 | ||
|---|---|---|---|
| 001 | 1/69794 | ||
| 008 | 080110s2005 eng d | ||
| 020 | |a 3-540-44125-5 | ||
| 035 | |l 10093510 | ||
| 040 | |a GR-MY-UA |b gre |e aacr | ||
| 041 | 0 | |a eng | |
| 082 | 0 | |a 003 |2 (22) | |
| 100 | 1 | |a Hinrichsen, Diederich. | |
| 245 | 1 | 0 | |a Mathematical systems theory I : |b modelling, state space analysis, stability and robustness / |c Diederich Hinrichsen, Anthony J. Pritchard |
| 260 | |a Berlin ; New York : |b Springer, |c c2005 | ||
| 300 | |a xv, 804 σ.; |c 25 σ. | ||
| 490 | 1 | |a Texts in applied mathematics |v ; 48 | |
| 504 | |a Περιέχει βιβλιογραφικές παραπομπές (σ. 763-788) και ευρετήριο. | ||
| 650 | 0 | 0 | |a System analysis. |
| 700 | 1 | |a Pritchard, A. J. | |
| 830 | 0 | |a Texts in applied mathematics ; |v ; 48 | |
| 852 | |a INST |b SAMOS |e 20080110 |h 003 HIN |p 005300027346 |q 005300027346 |t BK |y 0 | ||
| 901 | |a BIBL3-2008-1 | ||
| 909 | |a Σ |b 143682 | ||
| 922 | |a 3ΕΛΗ |b 200711 |c ΕΠΕΑΕΚ2/ΤΜΗΜΑ ΜΑΘΗΜΑΤΙΚΩΝ |d ΕΛΕΥΘΕΡΟΥΔΑΚΗΣ | ||
| 970 | |a ΣΙΤΖΙΜΗ |b ΓΙΑΣΕΜΗ |z 2008/01/10 | ||